| 000 -LEADER |
| fixed length control field |
00524nam a22001577a 4500 |
| 005 - DATE AND TIME OF LATEST TRANSACTION |
| control field |
20230817111432.0 |
| 008 - FIXED-LENGTH DATA ELEMENTS--GENERAL INFORMATION |
| fixed length control field |
230817s1980 gw ||||| |||| 00| 0 ger d |
| 080 ## - UNIVERSAL DECIMAL CLASSIFICATION NUMBER |
| Universal Decimal Classification number |
902 D-18 |
| 100 ## - MAIN ENTRY--PERSONAL NAME |
| Personal name |
Danov, Teofil |
| 9 (RLIN) |
19683 |
| 245 ## - TITLE STATEMENT |
| Title |
Antike Grabmäler in Bulgarien / |
| Statement of responsibility, etc. |
Teofil Danov, Christo Ivanov. |
| 264 ## - PRODUCTION, PUBLICATION, DISTRIBUTION, MANUFACTURE, AND COPYRIGHT NOTICE |
| Date of production, publication, distribution, manufacture, or copyright notice |
1980. |
| 300 ## - PHYSICAL DESCRIPTION |
| Extent |
30 p. : |
| Other physical details |
ill.; |
| Dimensions |
30 cm. |
| 653 ## - INDEX TERM--UNCONTROLLED |
| keyword |
უძველესი სამარხები ბულგარეთში |
| 700 ## - ADDED ENTRY--PERSONAL NAME |
| Personal name |
Ivanov, Christo |
| Relator term |
ავტორი |
| 9 (RLIN) |
19684 |
| 942 ## - ADDED ENTRY ELEMENTS (KOHA) |
| Source of classification or shelving scheme |
|
| Koha item type |
წიგნი |